Zawodnicy High League - Statystyki

Ogólne statystyki
  • Ten quiz został rozwiązany 1 676 razy
    542 od ostatniego zresetowania
  • Średni wynik to 28 z 67
Statystyki odpowiedzi
Hint Odpowiedź % Poprawnych
1 Lexy
87%
2 Lexy
87%
4 Lexy
87%
1 Natsu
84%
4 Natsu
84%
2 Denis
69%
3 Denis
69%
4 Denis
69%
2 Fagata
66%
3 Alberto
61%
3 Marcin Dubiel
57%
3 Alan
54%
1 Lil Masti
54%
3 Lil Masti
54%
1 Josef Bratan
53%
4 Josef Bratan
53%
4 Ferrari
51%
1 Kuba Nowaczkiewicz
51%
2 Kuba Nowaczkiewicz
51%
4 Kuba Nowaczkiewicz
51%
2 Mini Majk
51%
4 Mini Majk
51%
3 Bomba
50%
4 Bomba
50%
2 Owca
48%
3 Don Diego
45%
4 Macias
41%
2 PashaBiceps
41%
4 Maja Staśko
40%
2 Tarzan
40%
3 Tarzan
40%
3 Zusje
38%
1 Big Jack
37%
2 Big Jack
37%
4 Czaro
37%
1 Ewa Brodnicka
36%
3 Ewa Brodnicka
36%
4 Artur Szpilka
34%
1 Kolar
34%
3 Kolar
34%
1 Bonus BGC
31%
2 Dis
30%
2 Dredziasty
30%
3 Robur
30%
2 Zony
30%
1 Cesarz Narcyz
29%
1 Japczan
29%
3 Kamiszka
29%
2 Konrad Karwat
29%
4 Konrad Karwat
29%
1 Medusa
29%
4 Mrs Honey
29%
4 Holak
28%
1 Carlito
27%
1 Kossakowski
25%
3 Kossakowski
25%
2 Edzio
24%
1 Lukas TV
24%
3 Lukas TV
24%
1 Rataj
24%
4 Salim
24%
2 Czuux
23%
2 Alanik
22%
4 Kubx
22%
1 Bunio
21%
3 Robert Burneika
19%
4 Radosław Słodkiewicz
18%
Nie znaleziono quizów pasujących do podanych kryteriów
Rozkład punktacji
Procent ludzi z każdym wynikiem
Percentyl według liczby udzielonych odpowiedzi
Twoja historia wyników
Nie rozwiązałeś tego quizu od ostatniego zresetowania